000 00331 a2200157 4500
001 173864
020 _a
040 _cMagnum
100 _aGóes, Lúcia Pimentel
240 1 0 _aA girafa e o mede-palmo
_lpor
245 1 0 _aA girafa e o mede-palmo
362 0 _a1899
440 1 _aÁtica
697 _aIJ/ANIMAIS
942 _cBK
999 _c173864
_d173864